| 000 -NÁVESTIE |
| fixed length control field |
00844nam a2200289 a 4500 |
| 001 - EVIDENČNÉ ČÍSLO ZÁZNAMU - Kontrolné číslo |
| control field |
vtls011425652 |
| 005 - DÁTUM A ČAS POSLEDNEJ TRANSAKCIE |
| control field |
20220131100916.0 |
| 008 - ÚDAJE S PEVNOU DĹŽKOU – VŠEOBECNÉ INFORMÁCIE |
| fixed length control field |
171219s2015 xr g 000 f slo |
| 020 ## - MEDZINÁRODNÉ ŠTANDARDNÉ ČÍSLO KNIHY (ISBN) |
| Medzinárodné štandardné číslo knihy (ISBN) |
9788072438235 |
| Qualifying information |
(viazané) |
| 035 ## - Iný štandardný identifikátor |
| Iný štandardný identifikátor |
F1C91181-0FEB-49C8-8DFB-3B0D14F4068A |
| 035 ## - Iný štandardný identifikátor |
| Iný štandardný identifikátor |
urn:nbn:sk:snk-amycbb |
| 035 ## - Iný štandardný identifikátor |
| Iný štandardný identifikátor |
urn:nbn:sk:snk-am00cfzo |
| 040 ## - ZDROJ KATALOGIZÁCIE |
| Pôvodná katalogizujúca agentúra |
POKPOH |
| Jazyk katalogizácie |
slo |
| Prepisujúca agentúra |
POKPOH |
| Modifikujúca agentúra |
SNK |
| Konvencie popisu |
AACR2 |
| 041 0# - KÓD JAZYKA |
| Kód jazyka textu/zvukovej stopy alebo samostatných nápisov |
slo |
| 044 ## - KÓD KRAJINY VYDAVATEĽA/PRODUCENTA |
| Kód krajiny MARC |
xr |
| Kód krajiny ISO |
CZ |
| 072 #7 - KÓD PREDMETOVEJ KATEGÓRIE |
| Kód predmetovej kategórie |
821.162.4-3 |
| Pododdiel kódu predmetovej kategórie |
Slovenská próza |
| Zdroj |
konspekt |
| 080 ## - ČÍSLO MEDZINÁRODNÉHO DESATINNÉHO TRIEDENIA (MDT) |
| Číslo Medzinárodného desatinného triedenia (MDT) |
821.162.4-31 |
| Identifikátor vydania |
2011 |
| 100 1# - OSOBNÉ MENÁ – VŠEOBECNÉ INFORMÁCIE |
| Osobné meno |
Martincová, Denisa, |
| Dátumy súvisiace s menom |
1972- |
| -- |
2627 |
| 245 10 - NÁZOV |
| Názov |
Šarlotin anjel |
| Údaj o zodpovednosti atď. |
Denisa Martincová |
| 250 ## - ÚDAJ O PORADÍ VYDANIA |
| Údaj o poradí vydania |
1. vyd. |
| 260 ## - VYDAVATEĽSKÉ ÚDAJE, DISTRIBÚCIA ATĎ. |
| Miesto publikovania, distribúcie atď. |
Praha |
| Názov vydavateľa, distibútora atď. |
Brána |
| Dátum publikovania, distribúcie atď. |
2015 |
| 300 ## - FYZICKÝ POPIS |
| Rozsah |
195 s. |
| Rozmery |
19 cm |
| 655 #7 - INDEXAČNÝ TERMÍN – ŽÁNER/FORMA |
| Údaje o žánri/forme alebo termín, ktorý je prvok fazety |
slovenské romány |
| Zdroj termínu |
SNKPH |
| -- |
1694 |
| 655 #7 - INDEXAČNÝ TERMÍN – ŽÁNER/FORMA |
| Údaje o žánri/forme alebo termín, ktorý je prvok fazety |
Slovak fiction |
| Zdroj termínu |
SNKPHeng |
| -- |
1695 |
| 958 ## - Formálny deskriptor |
| Formálny deskriptor |
ZS |
| 958 ## - Formálny deskriptor |
| Formálny deskriptor |
NB |